La última niebla
সংরক্ষণ করুন:
| প্রধান লেখক: | |
|---|---|
| বিন্যাস: | গ্রন্থ |
| ভাষা: | স্প্যানিশ |
| প্রকাশিত: |
Santiago
Planeta Chilena S. A
2012
|
| সংস্করন: | 1a. ed |
| বিষয়গুলি: | |
| ট্যাগগুলো: |
ট্যাগ যুক্ত করুন
কোনো ট্যাগ নেই, প্রথমজন হিসাবে ট্যাগ করুন!
|
MARC
| LEADER | 00000cam a2200000 a 4500 | ||
|---|---|---|---|
| 001 | UCC3848 | ||
| 003 | CL-VaPUC | ||
| 008 | 180622e20120000cl |||||||||||||||||spa|d | ||
| 020 | |a 9789562475761 | ||
| 082 | 0 | 4 | |a Ch863 |b BOM |2 21 |
| 100 | |a Bombal, María Luisa, |d 1910-1980 |e autora |9 307961 | ||
| 245 | 1 | 3 | |a La última niebla |
| 246 | 1 | 3 | |a La amortajada |
| 250 | |a 1a. ed | ||
| 300 | |a 184 p | ||
| 942 | |c BK | ||
| 945 | |d 20180622 13:48:00 |a dcastane | ||
| 260 | |a Santiago |b Planeta Chilena S. A |c 2012 | ||
| 650 | 0 | |a Novelas chilenas |9 265425 | |
| 650 | 0 | |a Literatura chilena |9 308278 | |
| 583 | |a last modification |c 20180622 13:48:00 |k Rodrigo Vera | ||
| 999 | |c 371516 |d 371514 | ||